Faculty selection: choosing the tools for the job (Record no. 63660)

MARC details
000 -LEADER
fixed length control field 00668cam a2200181 4500
001 - CONTROL NUMBER
control field ABS62383
008 - FIXED-LENGTH DATA ELEMENTS--GENERAL INFORMATION
fixed length control field 000000n2000 000 0 eng u
035 ## - SYSTEM CONTROL NUMBER
System control number (Sirsi) u106296
245 ## - TITLE STATEMENT
Title Faculty selection: choosing the tools for the job
260 ## - PUBLICATION, DISTRIBUTION, ETC.
Date of publication, distribution, etc. 2000
490 ## - SERIES STATEMENT
Series statement CSM (Chartered Surveyor Monthly)
Volume/sequential designation May 2000, 10-14(5)
520 ## - SUMMARY, ETC.
Summary, etc. Lists the 16 faculties which will replace the RICS divisional structure and which RICS members are now being invited to join. For each there is a detailed description of the scope of their work and an outline of future aims
590 ## - LOCAL NOTE (RLIN)
Local note ABS
650 ## - SUBJECT ADDED ENTRY--TOPICAL TERM
Topical term or geographic name entry element RICS
650 ## - SUBJECT ADDED ENTRY--TOPICAL TERM
Topical term or geographic name entry element FACULTIES
690 ## - LOCAL SUBJECT ADDED ENTRY--TOPICAL TERM (OCLC, RLIN)
Topical term or geographic name as entry element RICS NEWS
942 ## - ADDED ENTRY ELEMENTS (KOHA)
Suppress in OPAC 0
Holdings
Withdrawn status Lost status Source of classification or shelving scheme Damaged status Not for loan Home library Current library Shelving location Date acquired Total Checkouts Full call number Barcode Date last seen Copy number Price effective from Koha item type
    Dewey Decimal Classification     London London Journal article 07/06/2000   ABS62383 106296-1001 06/08/2019 1 06/08/2019 Journal article